| 000 | 00725cam a2200241 a 4500 | ||
|---|---|---|---|
| 008 | |||
| 020 | _a9781412994354 (pbk.) | ||
| 049 | _aMAIN | ||
| 090 |
_aHA29 _bANE |
||
| 100 | 1 | _aAneshensel, Carol S. | |
| 245 | 1 | 0 |
_aTheory-based data analysis for the social sciences / _cCarol S. Aneshensel. |
| 250 | _a2nd ed. | ||
| 260 |
_aLos Angeles : _bSAGE, _c2013. |
||
| 300 |
_axxiii, 446 p. : _b. ill. ; _c24 cm. |
||
| 504 | _aIncludes bibliographical references. | ||
| 500 | _aIncludes Index. | ||
| 650 | 0 |
_aSocial sciences _xStatistical methods. |
|
| 907 |
_a.b10378017 _b27-09-18 _c20-02-17 |
||
| 003 | |||
| 005 | 20230123122240.0 | ||
| 040 | _cNUST | ||
| 942 |
_cBOOKS _kHA29 _mANE |
||
| 999 |
_c130379 _d130379 |
||